000 00290nam a2200097Ia 4500
008 220204s9999 xx 000 0 und d
082 _a658.58
_bIND
245 0 _aIndustrial maintenance in West Germany, Britain and USA
260 _aNew Delhi
_bNational Productivity Council
_c1963
942 _cBK
999 _c23208
_d23208